00604nam a2200217Ia 4500001000900000003000500009005001700014008004100031010001100072040000900083082001700092100003200109245008200141260003200223300001700255400002700272503001400299504003100313650002400344650001800368dia_1977CHAP20240221111846.0220117s1977 xx 000 0 und d a172509 cCHAP a634 C35 1977 aCalderón Alcaraz, Esteban aEl esfuerzo del hombre : fruticultura general /c Esteban Calderón Alcaraz aMéxico :b E.C.A.,c1977 axxxi, 759 p. aEL ESFUERZO DEL HOMBRE aD. (ej.5) aBibliografía: p. 749-759 aCultivo de frutas  aFruit growing